Los brujos de cielo / (Record no. 32589)

MARC details
000 -LEADER
campo de control de longitud fija 00507nam a2200169 i 4500
001 - NÚMERO DE CONTROL
campo de control 32589
003 - IDENTIFICADOR DE NÚMERO DE CONTROL
campo de control ES-MaACL
005 - FECHA Y HORA DE LA ÚLTIMA TRANSACCIÓN
campo de control 20230906154611.0
007 - CAMPO FIJO DE DESCRIPCIÓN FÍSICA--INFORMACIÓN GENERAL
campo de control de longitud fija t|
008 - DATOS DE LONGITUD FIJA--INFORMACIÓN GENERAL
campo de control de longitud fija 030131s1972 an ||||1| spa d
100 1# - ENTRADA PRINCIPAL--NOMBRE DE PERSONA
Nombre de persona Bernadac, Christian.
9 (RLIN) 28171
245 14 - MENCIÓN DEL TÍTULO
Título Los brujos de cielo /
Mención de responsabilidad, etc. Christian Bernadac ; [versión, Carmen Solr Blanch].
260 ## - PUBLICACIÓN, DISTRIBUCIÓN, ETC.
Lugar de publicación, distribución, etc. Barcelona :
Nombre del editor, distribuidor, etc. Luis de Caralt,
Fecha de publicación, distribución, etc. [1972]
300 ## - DESCRIPCIÓN FÍSICA
Extensión 319 p. ;
Dimensiones 20 cm.
700 1# - ENTRADA AGREGADA--NOMBRE PERSONAL
Nombre de persona Soler Blanch, Carmen.
9 (RLIN) 107168
852 ## - LOCALIZACIÓN
Ubicación ES-MaACL
Número de control de estantería C-49425
Sublocalización o colección R.84784
Holdings
Estatus retirado Estado de pérdida Estado de daño No para préstamo Biblioteca de origen Biblioteca actual Ubicación en estantería Fecha de adquisición Fuente de adquisición Total de préstamos Signatura topográfica completa Código de barras Visto por última vez Precio de reemplazo Tipo de ítem Koha
        Biblioteca del Ateneo de Madrid Biblioteca del Ateneo de Madrid Depósito 2 17/01/2008     C-49425 1033785 23/02/2023 23/02/2023 Libro impreso